000 00283nam a22001217a 4500
008 171020b xxu||||| |||| 00| 0 eng d
041 _aeng
080 _a338
100 _a54
101 _aMEN
245 _aMATHEMATICAL STUDIES IN MANAGEMENT SCIENCE
_cVEINOTT,A.F
942 _2udc
_cBK
999 _c35221
_d35221